00737nam a2200205Ia 4500003000900000008004100009040001600050080001600066100002500082245010300107260003900210300001000249490005300259650002500312650002800337650001900365942000700384999001500391952012500406IN-BaIIA211028s9999 xx 000 0 eng d cIIA Library a539.18bKON aKondratyev, V.94910 4aThe structure of atoms and moleculescKondratyev, V  aNew YorkbDover Publicationsc1965 a530p. aDover books on physical and mathematical physics aAtomic physics91547 aMolecular physics91914 aNASA thesaurus cBK c2741d2741 00104070aBANbBANcGENd1967-03-30g18.00l0o539.18/ KONp3056r2021-11-05v18.00w1967-03-30yBKGRs. 18.00